Astrology Trivia #1 - Easy - Statistics

General Stats
  • This quiz has been taken 1,468 times
  • The average score is 13 of 20
Answer Stats
Question Answer % Correct
1 How many zodiac signs are there? 12
100%
3 Are you only one sign, yes or no? No
97%
6 What is Cancer's animal? The Crab
85%
2 Which sign astrologically comes first? Aries
84%
7 The 12 signs are derived from what in the sky? The Constellations
83%
8 If you're born on May 9th, what is your Sun/Star sign? Taurus
80%
4 Which sign's animal is the sea-goat? Capricorn
76%
16 What is Aries' main colour? Red
72%
9 Which sign is ruled by the Sun? Leo
70%
11 Which sign's symbol is the only one not to be an animal or person? Libra
66%
19 Which international space company is every astrologer's worst enemy? NASA (lol)
64%
15 Which element comes third? Air
59%
12 Which planet is our main identity, ego, and our face to the world? The Sun
58%
13 What sign is opposite of Pisces? Virgo
55%
10 Which element is known for being energetic, outgoing, and hotheaded? Fire
49%
18 What planet is associated with discipline, limitations, and responsibility? Saturn
49%
17 The ascendant/rising sign is another name for which house? The 1st house
46%
5 Which people originally discovered astrology? The Ancient Greeks
43%
14 What is the first quality/modality? Cardinal
21%
20 What is the meaning of 'zodiac'? Circle of animals
2%
No matching quizzes found
Score Distribution
Percent of People with Each Score
Percentile by Number Answered
Your Score History
You have not taken this quiz